[Event "DEM U18 2006"]
[Site "Willingen GER"]
[Date "2006.06.04"]
[Round "1"]
[White "Figura, Atila Gajo"]
[Black "Hauser, Carlos"]
[Result "1-0"]
[Termination "normal"]
[Board "1"]
[WhiteElo "2352"]
[BlackElo "2134"]
[PlyCount "51"]
[WhiteFideId "4688058"]
[BlackFideId "24608238"]
[EventCountry "GER"]
[EventRounds "9"]
[EventType "swiss"]
[EventDate "2006.06.03"]

1. d4 d5 2. c4 c6 3. Nc3 Nf6 4. e3 e6 5. Nf3 Nbd7 6. Qc2 Bd6 7. g4 Nxg4 8. Rg1
f5 9. h3 Ngf6 10. Rxg7 Ne4 11. Bd2 Qf6 12. Rg2 Nf8 13. O-O-O Ng6 14. Qb3 dxc4
15. Qxc4 Nxd2 16. Nxd2 Nh4 17. Rg1 Bd7 18. Qb3 O-O-O 19. Nc4 Bc7 20. f4 Rhg8
21. Rxg8 Rxg8 22. Ne5 Be8 23. Bc4 Rg2 24. Bxe6+ Kb8 25. Bd7 Bxe5 26. dxe5 1-0

[Event "DEM U18 2006"]
[Site "Willingen GER"]
[Date "2006.06.04"]
[Round "1"]
[White "Krug, Kevin"]
[Black "Feuerstack, Aljoscha"]
[Result "1/2-1/2"]
[Termination "normal"]
[Board "2"]
[WhiteElo "2114"]
[BlackElo "2296"]
[PlyCount "56"]
[WhiteFideId "24609110"]
[BlackFideId "4681932"]
[EventCountry "GER"]
[EventRounds "9"]
[EventType "swiss"]
[EventDate "2006.06.03"]

1. d4 d5 2. c4 c6 3. Nf3 Nf6 4. Nc3 dxc4 5. a4 Bf5 6. Nh4 Bc8 7. Nf3 Bf5 8. e3
e6 9. Bxc4 Bb4 10. Qb3 Qb6 11. O-O Nbd7 12. Nh4 O-O 13. Nxf5 exf5 14. Bd2 a5
15. Rfd1 Rad8 16. Rac1 Qc7 17. d5 Ne5 18. dxc6 Nfg4 19. Be1 Nxc4 20. Qxc4 Qxh2+
21. Kf1 Qh1+ 22. Ke2 Nh2 23. Bd2 Qxg2 24. Qf4 Qh3 25. c7 Rd7 26. Nb5 Qh5+ 27.
f3 Qh3 28. Nd4 Rc8 1/2-1/2

[Event "DEM U18 2006"]
[Site "Willingen GER"]
[Date "2006.06.04"]
[Round "1"]
[White "Huschenbeth, Niclas"]
[Black "Beller, Julian"]
[Result "1/2-1/2"]
[Termination "normal"]
[Board "3"]
[WhiteElo "2293"]
[BlackElo "2108"]
[PlyCount "109"]
[WhiteFideId "24604747"]
[BlackFideId "24625868"]
[EventCountry "GER"]
[EventRounds "9"]
[EventType "swiss"]
[EventDate "2006.06.03"]

1. e4 c5 2. Nf3 e6 3. d4 cxd4 4. Nxd4 a6 5. Bd3 Qc7 6. O-O Nf6 7. c4 d6 8. Nc3
Nbd7 9. f4 b6 10. Qe2 Bb7 11. Nd5 exd5 12. exd5+ Kd8 13. g4 Nc5 14. Bc2 g6 15.
b4 Bg7 16. Bb2 Re8 17. Qg2 Ne6 18. Nc6+ Bxc6 19. dxc6 Rc8 20. f5 Qxc6 21. Qxc6
Rxc6 22. fxe6 Rxe6 23. Bb3 Ke7 24. c5 bxc5 25. Bxe6 fxe6 26. bxc5 dxc5 27. Rf3
Ne8 28. Bxg7 Nxg7 29. Rb1 Kd6 30. Rf7 Ne8 31. Kf2 Ke5 32. Kf3 Nd6 33. Rxh7 Kd4
34. Ke2 c4 35. Rd1+ Ke4 36. Rh3 Nb5 37. Re3+ Kf4 38. h3 c3 39. Rf1+ Kg5 40. Kd1
Nd4 41. Re4 Rc4 42. Rfe1 Rb4 43. Kc1 c2 44. Rxd4 Rxd4 45. Re5+ Kf6 46. Ra5 g5
47. Rxa6 Rc4 48. Rb6 Ke5 49. Rb2 Rc3 50. Rxc2 Rxh3 51. Rc5+ Kf4 52. Rc4+ Ke5
53. a4 Kd5 54. Rb4 e5 55. Kd2 1/2-1/2

[Event "DEM U18 2006"]
[Site "Willingen GER"]
[Date "2006.06.04"]
[Round "1"]
[White "Wolter, Jens"]
[Black "Armbrust, Florian"]
[Result "0-1"]
[Termination "normal"]
[Board "4"]
[WhiteElo "2107"]
[BlackElo "2272"]
[PlyCount "84"]
[WhiteFideId "4698185"]
[BlackFideId "4691350"]
[EventCountry "GER"]
[EventRounds "9"]
[EventType "swiss"]
[EventDate "2006.06.03"]

1. e4 c5 2. Nf3 d6 3. Bb5+ Bd7 4. Bxd7+ Qxd7 5. O-O Nc6 6. c3 Nf6 7. Re1 e6 8.
d4 cxd4 9. cxd4 d5 10. e5 Ne4 11. Nbd2 Nxd2 12. Bxd2 Be7 13. Rc1 O-O 14. Re3
Rac8 15. Rec3 f6 16. Bf4 f5 17. h4 a6 18. Ng5 Bxg5 19. Bxg5 f4 20. h5 h6 21.
Bh4 Qf7 22. Qg4 Na7 23. Qg6 Rxc3 24. Qxf7+ Rxf7 25. Rxc3 Nc6 26. Rd3 Rf5 27. g4
fxg3 28. Bxg3 Rxh5 29. Rb3 b5 30. Rc3 Nxd4 31. Rc8+ Kh7 32. Kg2 a5 33. f4 Rf5
34. Rc5 a4 35. Bf2 Rxf4 36. Bxd4 Rxd4 37. Rxb5 Re4 38. Ra5 Rxe5 39. Rxa4 Re2+
40. Kf3 Rxb2 41. Ra6 e5 42. Rd6 Rb5 0-1

[Event "DEM U18 2006"]
[Site "Willingen GER"]
[Date "2006.06.04"]
[Round "1"]
[White "Abel, Dennes"]
[Black "Ratkovitch, Dimitri"]
[Result "1-0"]
[Termination "normal"]
[Board "5"]
[WhiteElo "2268"]
[BlackElo "2083"]
[PlyCount "109"]
[WhiteFideId "24605417"]
[BlackFideId "24608050"]
[EventCountry "GER"]
[EventRounds "9"]
[EventType "swiss"]
[EventDate "2006.06.03"]

1. e4 c5 2. Nf3 Nc6 3. d4 cxd4 4. Nxd4 e5 5. Nb5 a6 6. Nd6+ Bxd6 7. Qxd6 Qf6 8.
Qxf6 Nxf6 9. Nc3 Nb4 10. Kd2 O-O 11. a3 Nc6 12. Bd3 d6 13. Rd1 Be6 14. Ke1 h6
15. f3 Rac8 16. Be3 b5 17. Rd2 Ne7 18. Bf2 d5 19. exd5 Nexd5 20. Nxd5 Bxd5 21.
Bf5 Rc6 22. Rad1 Be6 23. Bxe6 Rxe6 24. Rd6 Rfe8 25. Rxe6 Rxe6 26. Rd8+ Kh7 27.
Kd2 e4 28. b3 exf3 29. gxf3 Rc6 30. Kd3 Nh5 31. Be3 Rf6 32. c4 Rxf3 33. c5 Rf6
34. Rb8 Kg6 35. Rb6 Kf5 36. c6 Ke6 37. Rxa6 Kd6 38. b4 Kc7 39. Bb6+ Kxc6 40.
Bd4+ Kb7 41. Ra7+ Kb8 42. Ra5 Rf5 43. Bc5 Nf6 44. Rxb5+ Kc8 45. Ra5 Nd7 46.
Ra8+ Kb7 47. Ra7+ Kc8 48. Bd4 g5 49. a4 Rf3+ 50. Kc4 f5 51. a5 Ra3 52. Bb2 Rh3
53. a6 Rh4+ 54. Kb3 f4 55. Rxd7 1-0

[Event "DEM U18 2006"]
[Site "Willingen GER"]
[Date "2006.06.04"]
[Round "1"]
[White "Bracker, Frank"]
[Black "Rehberg, Raphael"]
[Result "1-0"]
[Termination "normal"]
[Board "6"]
[WhiteElo "2058"]
[BlackElo "2246"]
[PlyCount "139"]
[WhiteFideId "24614343"]
[BlackFideId "4686799"]
[EventCountry "GER"]
[EventRounds "9"]
[EventType "swiss"]
[EventDate "2006.06.03"]

1. e4 c5 2. Nf3 e6 3. d4 cxd4 4. Nxd4 a6 5. Nc3 Qc7 6. Bd3 Nf6 7. O-O Bc5 8.
Nb3 Be7 9. f4 d6 10. a4 b6 11. e5 Nfd7 12. exd6 Bxd6 13. Ne4 Be7 14. Qh5 Nf6
15. Nxf6+ Bxf6 16. f5 e5 17. a5 b5 18. Be3 Nd7 19. c4 b4 20. Be4 Bb7 21. Qf3
Rb8 22. c5 Bxe4 23. Qxe4 Be7 24. c6 Nf6 25. Qc4 Rb5 26. Bb6 Qc8 27. Rae1 O-O
28. Nd2 Nd5 29. Bf2 Qc7 30. Nb3 Rc8 31. Rc1 Bg5 32. Rc2 Ne3 33. Bxe3 Bxe3+ 34.
Kh1 Qd6 35. Qe4 Bf4 36. Qf3 Rd5 37. g3 Rd3 38. Qe4 Bg5 39. Qc4 Rc7 40. Kg2 Qd5+
41. Qxd5 Rxd5 42. Rc4 Rd6 43. h4 Bh6 44. Rxb4 Rdxc6 45. Rb8+ Rc8 46. Rxc8+ Rxc8
47. Rd1 Kf8 48. Rd5 f6 49. Nc5 Rc6 50. b4 Ke8 51. Kf3 g6 52. g4 gxf5 53. gxf5
Bf8 54. Ke4 Bxc5 55. bxc5 Ke7 56. Kf3 h5 57. Ke3 Rc7 58. Ke4 Rc8 59. Rd6 Rxc5
60. Rxa6 Rc4+ 61. Kd5 Rxh4 62. Ra7+ Kd8 63. Ke6 Ra4 64. Kxf6 e4 65. Rh7 Rxa5
66. Rxh5 e3 67. Rh4 Ra6+ 68. Kg5 Ra3 69. Re4 Kd7 70. f6 1-0

[Event "DEM U18 2006"]
[Site "Willingen GER"]
[Date "2006.06.04"]
[Round "1"]
[White "Behm, Simon"]
[Black "Rafiee, Makan"]
[Result "1-0"]
[Termination "normal"]
[Board "7"]
[WhiteElo "2243"]
[BlackElo "2044"]
[PlyCount "87"]
[WhiteFideId "4691962"]
[BlackFideId "24609340"]
[EventCountry "GER"]
[EventRounds "9"]
[EventType "swiss"]
[EventDate "2006.06.03"]

1. d4 Nf6 2. c4 c5 3. d5 b5 4. cxb5 a6 5. bxa6 g6 6. Nc3 Bxa6 7. e4 Bxf1 8.
Kxf1 d6 9. Nf3 Nbd7 10. h3 Bg7 11. Kg1 O-O 12. Kh2 Qa5 13. Re1 Rfb8 14. Re2 Ne8
15. Rc2 Nb6 16. Rb1 Nc4 17. Nd2 Nxd2 18. Bxd2 Nc7 19. b3 Nb5 20. Nxb5 Qxb5 21.
Bg5 Rb7 22. a4 Qa6 23. Rc4 h6 24. Bd2 Rab8 25. Qc2 Kh7 26. Kg1 Bd4 27. b4 e5
28. dxe6 fxe6 29. b5 Qa7 30. Qa2 d5 31. Rc2 c4 32. Be1 Qc5 33. Bb4 Qc7 34. exd5
exd5 35. Rd1 Bc5 36. Qa3 Bxb4 37. Qxb4 Qf7 38. Qc5 Ra8 39. Ra2 Rba7 40. Qxd5
Qxd5 41. Rxd5 Rxa4 42. Rd7+ Kg8 43. Rxa4 Rxa4 44. b6 1-0

[Event "DEM U18 2006"]
[Site "Willingen GER"]
[Date "2006.06.04"]
[Round "1"]
[White "Zebisch, Paul"]
[Black "Frübing, Stefan"]
[Result "1/2-1/2"]
[Termination "normal"]
[Board "8"]
[WhiteElo "2039"]
[BlackElo "2233"]
[PlyCount "56"]
[WhiteFideId "24601535"]
[BlackFideId "4682165"]
[EventCountry "GER"]
[EventRounds "9"]
[EventType "swiss"]
[EventDate "2006.06.03"]

1. e4 c5 2. Nf3 d6 3. d4 cxd4 4. Nxd4 Nf6 5. Nc3 g6 6. Be3 Bg7 7. f3 O-O 8. Qd2
Nc6 9. Bc4 Bd7 10. O-O-O Rc8 11. Bb3 Nxd4 12. Bxd4 b5 13. Nd5 Nxd5 14. Bxg7
Kxg7 15. exd5 a5 16. a3 b4 17. axb4 axb4 18. Rhe1 Kg8 19. Qxb4 Re8 20. h4 Rc5
21. h5 Qa8 22. hxg6 fxg6 23. Qh4 Qa1+ 24. Kd2 Qxb2 25. Rxe7 Rxe7 26. Qxe7 Qd4+
27. Kc1 Qa1+ 28. Kd2 Qd4+ 1/2-1/2

[Event "DEM U18 2006"]
[Site "Willingen GER"]
[Date "2006.06.04"]
[Round "1"]
[White "Mijatovic, Vladimir"]
[Black "Cara, Bogdan"]
[Result "1-0"]
[Termination "normal"]
[Board "9"]
[WhiteElo "2213"]
[BlackElo "2027"]
[PlyCount "123"]
[WhiteFideId "934062"]
[EventCountry "GER"]
[EventRounds "9"]
[EventType "swiss"]
[EventDate "2006.06.03"]

1. e4 e6 2. Nf3 d5 3. Nc3 Nf6 4. e5 Nfd7 5. d4 c5 6. dxc5 Bxc5 7. Bd3 Nc6 8.
Bf4 a6 9. O-O f6 10. exf6 Nxf6 11. Ne5 O-O 12. Qf3 Nxe5 13. Bxe5 Ne4 14. Qg4
Qg5 15. Qxg5 Nxg5 16. Rae1 Nf7 17. Bg3 Bd7 18. Re2 Rae8 19. Rfe1 g6 20. Nd1 Re7
21. Ne3 Rfe8 22. Ng4 Kg7 23. Ne5 Nxe5 24. Bxe5+ Kf7 25. h4 Bc6 26. g4 Rd7 27.
Kg2 Bd6 28. Kg3 Ke7 29. f4 Bxe5 30. Rxe5 Kd6 31. f5 gxf5 32. Bxf5 Rde7 33. Bd3
Rf8 34. g5 d4 35. h5 Bd5 36. g6 hxg6 37. hxg6 Rg7 38. Kg4 Rf2 39. Kg5 Re7 40.
b3 Rg2+ 41. Kf6 Rc7 42. R1e2 Rg3 43. Be4 Rcc3 44. Bxd5 exd5 45. Rf5 Rce3 46.
Rff2 Re4 47. Kf7 Reg4 48. Rf6+ Kc5 49. Re7 d3 50. cxd3 Rxd3 51. Rxb7 Rdg3 52.
Rxa6 d4 53. Rd7 Kb4 54. Rad6 Kc3 55. b4 d3 56. b5 Rf4+ 57. Kg8 Rb4 58. b6 d2
59. g7 d1=Q 60. Rc6+ Kb2 61. Rxd1 Kxa2 62. Rd7 1-0

[Event "DEM U18 2006"]
[Site "Willingen GER"]
[Date "2006.06.04"]
[Round "1"]
[White "Decker, Nils"]
[Black "Hirneise, Tobias"]
[Result "0-1"]
[Termination "normal"]
[Board "10"]
[WhiteElo "2001"]
[BlackElo "2210"]
[PlyCount "54"]
[BlackFideId "24600881"]
[EventCountry "GER"]
[EventRounds "9"]
[EventType "swiss"]
[EventDate "2006.06.03"]

1. e4 c5 2. Nf3 e6 3. d4 cxd4 4. Nxd4 a6 5. Nb3 Qc7 6. c4 Nf6 7. Nc3 Bb4 8. f3
d5 9. cxd5 exd5 10. Bd2 dxe4 11. Rc1 e3 12. Bxe3 O-O 13. Nd2 Qe7 14. Nde4 Nxe4
15. fxe4 Qxe4 16. Qd2 Qe5 17. Be2 Nc6 18. O-O Rd8 19. Bd3 Be6 20. Qe2 Bg4 21.
Qd2 Qd6 22. Bxh7+ Kxh7 23. Qf2 Qg6 24. a3 Be7 25. Qf4 Bd6 26. Qf2 Ne5 27. Ne4
Qxe4 0-1

[Event "DEM U18 2006"]
[Site "Willingen GER"]
[Date "2006.06.04"]
[Round "1"]
[White "Bäumler, Ilja"]
[Black "Friedrich, Paul-Robert"]
[Result "1-0"]
[Termination "normal"]
[Board "11"]
[WhiteElo "2209"]
[BlackElo "1985"]
[PlyCount "77"]
[WhiteFideId "4681070"]
[BlackFideId "24616036"]
[EventCountry "GER"]
[EventRounds "9"]
[EventType "swiss"]
[EventDate "2006.06.03"]

1. e4 c5 2. c3 Nf6 3. e5 Nd5 4. d4 Nc6 5. Nf3 cxd4 6. cxd4 d6 7. Bc4 Nb6 8. Bb3
e6 9. Qe2 Be7 10. O-O O-O 11. Nc3 Bd7 12. Qe4 d5 13. Qd3 f5 14. exf6 Bxf6 15.
Bc2 g6 16. a3 e5 17. dxe5 Nxe5 18. Nxe5 Bxe5 19. Bb3 Be6 20. Be3 Nc4 21. Bxc4
dxc4 22. Qe4 Qf6 23. f4 Bxc3 24. bxc3 Qf5 25. Qxb7 Bd5 26. Qb1 Qg4 27. Qa2 Rae8
28. Rae1 Rf7 29. Qd2 Qf5 30. Bd4 Rfe7 31. Re5 Rxe5 32. Bxe5 Qe6 33. Qd4 a6 34.
Rb1 Rd8 35. Qa7 Rd7 36. Qb8+ Kf7 37. Qh8 h5 38. Rb8 Rd8 39. Qxd8 1-0

[Event "DEM U18 2006"]
[Site "Willingen GER"]
[Date "2006.06.04"]
[Round "1"]
[White "Kaufmann, Benjamin"]
[Black "Siebarth, Raiko"]
[Result "1/2-1/2"]
[Termination "normal"]
[Board "12"]
[WhiteElo "1940"]
[BlackElo "2185"]
[PlyCount "154"]
[WhiteFideId "24613525"]
[BlackFideId "4674766"]
[EventCountry "GER"]
[EventRounds "9"]
[EventType "swiss"]
[EventDate "2006.06.03"]

1. d4 c5 2. c3 Nf6 3. Nf3 e6 4. Bg5 h6 5. Bh4 Nc6 6. e3 d5 7. Nbd2 g5 8. Bg3
Nh5 9. Ne5 Nxg3 10. Nxc6 bxc6 11. hxg3 Rb8 12. Qc2 Qb6 13. Rb1 cxd4 14. cxd4
Ba6 15. Bd3 Bxd3 16. Qxd3 c5 17. dxc5 Qxc5 18. O-O Bg7 19. Nb3 Qb5 20. Qxb5+
Rxb5 21. Nd4 Bxd4 22. exd4 Kd7 23. b3 Rb4 24. Rfd1 Rc8 25. Rb2 a5 26. Kf1 Rc3
27. Rdd2 Kd6 28. Ke2 f6 29. Rd3 Rxd3 30. Kxd3 e5 31. dxe5+ fxe5 32. a3 Rb5 33.
f3 Ke6 34. Kc3 Rb6 35. Kd3 Kf5 36. Ke3 h5 37. Kd3 g4 38. Ke3 Rc6 39. Rd2 Rc3+
40. Rd3 Rc2 41. Rd2 d4+ 42. Ke2 Rc6 43. Rd3 Rg6 44. Kf2 h4 45. gxh4 g3+ 46. Ke2
Rh6 47. Rd2 Rxh4 48. Kd3 Rh1 49. b4 axb4 50. axb4 Rb1 51. Kc4 Kf4 52. Re2 Rc1+
53. Kd3 Rc3+ 54. Kd2 Rb3 55. Re4+ Kf5 56. Kc2 Rxb4 57. Rg4 Rb5 58. Rxg3 Kf4 59.
Rg4+ Ke3 60. Re4+ Kf2 61. f4 exf4 62. Rxf4+ Ke3 63. Rf3+ Ke2 64. Rf8 d3+ 65.
Kc3 Re5 66. Rd8 Re7 67. Rxd3 Rc7+ 68. Kd4 Rd7+ 69. Ke5 Kxd3 70. g4 Ra7 71. g5
Ra5+ 72. Kf6 Ke4 73. g6 Ra6+ 74. Kf7 Kf5 75. g7 Ra7+ 76. Kg8 Kf6 77. Kh8 Rxg7
1/2-1/2

[Event "DEM U18 2006"]
[Site "Willingen GER"]
[Date "2006.06.04"]
[Round "1"]
[White "Becker, Nils"]
[Black "Jahner, Marius-Florin"]
[Result "1/2-1/2"]
[Termination "normal"]
[Board "13"]
[WhiteElo "2165"]
[BlackElo "1876"]
[PlyCount "59"]
[WhiteFideId "4695216"]
[EventCountry "GER"]
[EventRounds "9"]
[EventType "swiss"]
[EventDate "2006.06.03"]

1. e4 e6 2. d4 d5 3. Nc3 Bb4 4. e5 c5 5. a3 Bxc3+ 6. bxc3 Qa5 7. Bd2 Ne7 8. Nf3
Bd7 9. a4 c4 10. Qb1 Na6 11. g3 Bxa4 12. Qa2 b5 13. Bh3 O-O 14. O-O Nb8 15. Nh4
Ng6 16. Nxg6 hxg6 17. f4 Qb6 18. g4 Nd7 19. Rf2 f5 20. Rg2 Kf7 21. gxf5 gxf5
22. Rg3 Rh8 23. Bg2 Rh4 24. h3 Nf8 25. Kh2 Ng6 26. Rg1 Rah8 27. Bf1 R4h6 28.
Rg5 R8h7 29. R1g3 Nh4 30. Be2 1/2-1/2

[Event "DEM U18 2006"]
[Site "Willingen GER"]
[Date "2006.06.04"]
[Round "1"]
[White "Grünke, Paul"]
[Black "Grimberg, Boris"]
[Result "0-1"]
[Termination "normal"]
[Board "14"]
[WhiteElo "1874"]
[BlackElo "2140"]
[PlyCount "66"]
[WhiteFideId "24647802"]
[BlackFideId "4697499"]
[EventCountry "GER"]
[EventRounds "9"]
[EventType "swiss"]
[EventDate "2006.06.03"]

1. e4 d6 2. d4 g6 3. Nc3 Bg7 4. f4 Nf6 5. Nf3 O-O 6. Bd3 Na6 7. O-O c5 8. d5
Rb8 9. Qe1 Nb4 10. a3 Nxd3 11. cxd3 e6 12. dxe6 fxe6 13. Qh4 Nh5 14. Qg4 Nxf4
15. Bxf4 e5 16. Qg5 exf4 17. Qd5+ Kh8 18. Nb5 Qe7 19. Qxd6 Qxd6 20. Nxd6 Be6
21. e5 Bd5 22. Rae1 Rbd8 23. Nb5 Rd7 24. Nxa7 Re8 25. e6 Rxe6 26. Nb5 Bxb2 27.
Rxe6 Bxe6 28. Re1 Bf5 29. Ne5 Rd5 30. Nf7+ Kg7 31. Nbd6 Rxd3 32. Re7 Bd4+ 33.
Kf1 Rd1+ 0-1

[Event "DEM U18 2006"]
[Site "Willingen GER"]
[Date "2006.06.04"]
[Round "2"]
[White "Mijatovic, Vladimir"]
[Black "Figura, Atila Gajo"]
[Result "0-1"]
[Termination "normal"]
[Board "1"]
[WhiteElo "2213"]
[BlackElo "2352"]
[PlyCount "118"]
[WhiteFideId "934062"]
[BlackFideId "4688058"]
[EventCountry "GER"]
[EventRounds "9"]
[EventType "swiss"]
[EventDate "2006.06.03"]

1. e4 c5 2. Nf3 e6 3. d4 cxd4 4. Nxd4 a6 5. Nc3 Qc7 6. g3 Nf6 7. Bg2 Bb4 8.
Nde2 O-O 9. O-O Nc6 10. Bf4 e5 11. Bg5 Be7 12. Bxf6 Bxf6 13. Nd5 Qd8 14. Nec3
d6 15. Qd3 Bg5 16. h4 Bh6 17. Na4 Be6 18. Ndb6 Rb8 19. Rad1 Nd4 20. c3 Nb5 21.
b3 g6 22. Nd5 f5 23. Nab6 Na7 24. Nc4 Nc8 25. Nb4 a5 26. Nc2 Qf6 27. Nxa5 f4
28. Ne1 g5 29. hxg5 Bxg5 30. Nf3 Bh6 31. Nh4 Ra8 32. Nc4 Rxa2 33. Nf5 Ra6 34.
Ra1 Rc6 35. Ra8 Bg5 36. g4 h5 37. Bf3 h4 38. Rfa1 Bxc4 39. bxc4 Qe6 40. Qd5
Qxd5 41. cxd5 Rxc3 42. Be2 Rc7 43. Rb8 Nb6 44. Rxf8+ Kxf8 45. Nxd6 Be7 46. Nf5
Rc2 47. Bd3 Rd2 48. Nxe7 Kxe7 49. Bf1 Nc8 50. Rb1 Nd6 51. f3 b5 52. Bxb5 Nf7
53. Bf1 Ng5 54. Rb3 h3 55. Rb7+ Kd6 56. Rb6+ Kc7 57. Rb3 h2+ 58. Kh1 Rd1 59.
d6+ Kd7 0-1

[Event "DEM U18 2006"]
[Site "Willingen GER"]
[Date "2006.06.04"]
[Round "2"]
[White "Armbrust, Florian"]
[Black "Bäumler, Ilja"]
[Result "1-0"]
[Termination "normal"]
[Board "2"]
[WhiteElo "2272"]
[BlackElo "2209"]
[PlyCount "65"]
[WhiteFideId "4691350"]
[BlackFideId "4681070"]
[EventCountry "GER"]
[EventRounds "9"]
[EventType "swiss"]
[EventDate "2006.06.03"]

1. e4 e6 2. d4 d5 3. Nc3 Bb4 4. e5 Ne7 5. Bd2 c5 6. Nb5 Bxd2+ 7. Qxd2 O-O 8. f4
Nbc6 9. dxc5 f6 10. exf6 Rxf6 11. Nf3 Ng6 12. g3 Qe7 13. O-O-O Qxc5 14. Nbd4
Bd7 15. h4 Nge7 16. Bh3 Nxd4 17. Nxd4 a5 18. Rde1 Ra6 19. g4 Qc4 20. Kb1 Qc8
21. g5 Rf8 22. h5 Re8 23. h6 g6 24. Nf3 Qc5 25. Ne5 Bb5 26. Ng4 Kf7 27. Ne5+
Kg8 28. Nf3 Kf7 29. Nd4 Bd7 30. Nb3 Qb4 31. Qxb4 axb4 32. Nc5 Rd6 33. Nxd7 1-0

[Event "DEM U18 2006"]
[Site "Willingen GER"]
[Date "2006.06.04"]
[Round "2"]
[White "Grimberg, Boris"]
[Black "Behm, Simon"]
[Result "1/2-1/2"]
[Termination "normal"]
[Board "4"]
[WhiteElo "2140"]
[BlackElo "2243"]
[PlyCount "44"]
[WhiteFideId "4697499"]
[BlackFideId "4691962"]
[EventCountry "GER"]
[EventRounds "9"]
[EventType "swiss"]
[EventDate "2006.06.03"]

1. e4 c5 2. Nf3 Nc6 3. d4 cxd4 4. Nxd4 Nf6 5. Nc3 e5 6. Ndb5 d6 7. Bg5 a6 8.
Na3 b5 9. Nd5 Be7 10. Bxf6 Bxf6 11. c3 O-O 12. Nc2 Bg5 13. a4 bxa4 14. Rxa4 a5
15. Be2 Rb8 16. b4 axb4 17. cxb4 Ne7 18. Nxe7+ Qxe7 19. O-O Be6 20. b5 Bb3 21.
Rb4 Bxc2 22. Qxc2 d5 1/2-1/2

[Event "DEM U18 2006"]
[Site "Willingen GER"]
[Date "2006.06.04"]
[Round "2"]
[White "Feuerstack, Aljoscha"]
[Black "Bracker, Frank"]
[Result "1-0"]
[Termination "normal"]
[Board "5"]
[WhiteElo "2296"]
[BlackElo "2058"]
[PlyCount "128"]
[WhiteFideId "4681932"]
[BlackFideId "24614343"]
[EventCountry "GER"]
[EventRounds "9"]
[EventType "swiss"]
[EventDate "2006.06.03"]

1. e4 c5 2. Nf3 d6 3. d4 cxd4 4. Nxd4 Nf6 5. Nc3 a6 6. Be3 e5 7. Nb3 Be6 8. f3
Be7 9. Qd2 O-O 10. O-O-O Nbd7 11. g4 b5 12. g5 Nh5 13. Kb1 Qc7 14. Nd5 Bxd5 15.
exd5 f5 16. gxf6 Bxf6 17. Bd3 Nb6 18. Bxb6 Qxb6 19. Na5 g6 20. Qb4 Qc7 21. Rhg1
Nf4 22. Be4 Bd8 23. Nc6 Qd7 24. Rg4 Rf7 25. c4 bxc4 26. Qxc4 Nh5 27. Rdg1 Bf6
28. Qc2 Bg7 29. Rg5 Nf4 30. R5g4 Kf8 31. Rc1 Kg8 32. Na5 Bf8 33. Qc6 Ra7 34.
Qxd7 Rfxd7 35. Rc6 Kf7 36. Rb6 Be7 37. Nc6 Rdb7 38. Rxb7 Rxb7 39. Rg1 Ke8 40.
Rc1 Kd7 41. Rc4 Ne2 42. Bc2 Ke8 43. Na5 Ra7 44. Rc8+ Kf7 45. Nc6 Rb7 46. Ra8
Kf6 47. Be4 Nc3+ 48. Ka1 Na4 49. b4 Nc3 50. Kb2 Nxe4 51. fxe4 Kg5 52. Kc3 Kf4
53. Kd3 h5 54. Rxa6 g5 55. Nxe7 Rxe7 56. Rxd6 Ra7 57. Rf6+ Kg4 58. Rf2 Ra3+ 59.
Kc4 Re3 60. Kc5 Rxe4 61. Rd2 Rf4 62. d6 Rf8 63. Rg2+ Kh4 64. d7 g4 1-0

[Event "DEM U18 2006"]
[Site "Willingen GER"]
[Date "2006.06.04"]
[Round "2"]
[White "Jahner, Marius-Florin"]
[Black "Huschenbeth, Niclas"]
[Result "0-1"]
[Termination "normal"]
[Board "6"]
[WhiteElo "1876"]
[BlackElo "2293"]
[PlyCount "74"]
[BlackFideId "24604747"]
[EventCountry "GER"]
[EventRounds "9"]
[EventType "swiss"]
[EventDate "2006.06.03"]

1. d4 Nf6 2. c4 g6 3. Nc3 Bg7 4. e4 d6 5. f3 O-O 6. Be3 a6 7. Qd2 Nbd7 8. Nge2
c5 9. d5 b5 10. cxb5 Nb6 11. Ng3 h5 12. Bd3 h4 13. Nge2 h3 14. gxh3 axb5 15.
Bxb5 Bd7 16. Bh6 Bxb5 17. Bxg7 Kxg7 18. Nxb5 Qd7 19. Nec3 Rfb8 20. Qf2 Nc4 21.
a4 Rxb5 22. Nxb5 Qxb5 23. O-O Rxa4 24. Rxa4 Qxa4 25. Rc1 Qb4 26. Qc2 Ne5 27.
Qc3 Qxc3 28. Rxc3 Nh5 29. Kf2 Nf4 30. Ke3 g5 31. Rb3 Nc4+ 32. Kf2 Nxb2 33. Rb7
Kf6 34. Kg3 Nbd3 35. Rc7 Ne2+ 36. Kg2 Ne5 37. Kf2 Nd4 0-1

[Event "DEM U18 2006"]
[Site "Willingen GER"]
[Date "2006.06.04"]
[Round "2"]
[White "Beller, Julian"]
[Black "Becker, Nils"]
[Result "0-1"]
[Termination "normal"]
[Board "9"]
[WhiteElo "2108"]
[BlackElo "2165"]
[PlyCount "112"]
[WhiteFideId "24625868"]
[BlackFideId "4695216"]
[EventCountry "GER"]
[EventRounds "9"]
[EventType "swiss"]
[EventDate "2006.06.03"]

1. e4 c5 2. Nc3 Nc6 3. g3 g6 4. Bg2 Bg7 5. d3 d6 6. Be3 e6 7. Qd2 Qa5 8. Nge2
Nd4 9. Bxd4 cxd4 10. Nb1 Qb6 11. c4 dxc3 12. Nbxc3 Bd7 13. d4 Ne7 14. O-O O-O
15. Kh1 Rad8 16. Rad1 f5 17. f3 fxe4 18. fxe4 Nc6 19. d5 Rxf1+ 20. Rxf1 Ne5 21.
b3 Ng4 22. Qg5 e5 23. Na4 Bxa4 24. Qxg4 Bd7 25. Qg5 Re8 26. Ng1 Qa5 27. a4 Qb6
28. Rf3 Rf8 29. Qe7 Bg4 30. Rc3 Bf6 31. Qc7 Qb4 32. Qc4 Qxc4 33. Rxc4 Bd8 34.
Rc3 Ba5 35. Rd3 Rf2 36. Bh3 Bxh3 37. Nxh3 Re2 38. Ng5 h6 39. Ne6 Kf7 40. h4
Rxe4 41. Kg2 Ke7 42. Kf3 Re1 43. Kf2 Rc1 44. h5 e4 45. Rd4 Bb6 46. hxg6 Bxd4+
47. Nxd4 Kf6 48. Nb5 Ke5 49. Nxa7 Rc7 50. a5 Kxd5 51. b4 Rg7 52. b5 Rxg6 53. b6
Kc5 54. Nc8 Kb5 55. Ke3 Re6 56. a6 Kxa6 0-1

[Event "DEM U18 2006"]
[Site "Willingen GER"]
[Date "2006.06.04"]
[Round "2"]
[White "Rehberg, Raphael"]
[Black "Kaufmann, Benjamin"]
[Result "1-0"]
[Termination "normal"]
[Board "10"]
[WhiteElo "2246"]
[BlackElo "1940"]
[PlyCount "47"]
[WhiteFideId "4686799"]
[BlackFideId "24613525"]
[EventCountry "GER"]
[EventRounds "9"]
[EventType "swiss"]
[EventDate "2006.06.03"]

1. e4 e5 2. Nf3 Nc6 3. Bc4 Bc5 4. O-O Nf6 5. d3 O-O 6. c3 d6 7. Bb3 Bg4 8. Nbd2
Re8 9. h3 Bh5 10. Re1 Kh8 11. Nf1 h6 12. g4 Bg6 13. Ng3 Qd7 14. Nh4 Bh7 15.
Nhf5 d5 16. Qf3 Rad8 17. Nxh6 Rf8 18. Bg5 dxe4 19. dxe4 Qd3 20. Qg2 Bg6 21.
Rad1 Qb5 22. Qf3 Kh7 23. Nhf5 Na5 24. Nxg7 1-0